| 000 | 01017cam a22003018a 4500 | ||
|---|---|---|---|
| 008 | |||
| 020 | _a0073511838 (pbk.) | ||
| 049 | _aMAIN | ||
| 090 |
_aREF KF319 _bLEE |
||
| 100 | 1 | _aLee, Jo Ann. | |
| 245 | 1 | 4 |
_aThe law office reference manual / _cJo Ann Lee [and] Marilyn L. Satterwhite. |
| 250 | _a2nd ed. | ||
| 260 |
_aBoston : _bMcGraw-Hill/Irwin, _cc2008. |
||
| 300 |
_ax, 510 p. ; _c24 cm. |
||
| 440 | _aMcGraw-Hill business careers paralegal titles. | ||
| 500 | _aIncludes index. | ||
| 504 | _aIncludes bibliographical references. | ||
| 650 | 0 |
_aLegal secretaries _zUnited States _vHandbooks, manuals, etc. |
|
| 650 | 0 |
_aLegal assistants _zUnited States _vHandbooks, manuals, etc. |
|
| 650 | 0 |
_aLaw offices _zUnited States _vHandbooks, manuals, etc. |
|
| 700 | 1 | _aSatterwhite, Marilyn L. | |
| 700 | 1 | _aLee, Jo Ann. | |
| 907 |
_a.b10299919 _b22-10-13 _c12-07-11 |
||
| 003 | |||
| 005 | 20230120191432.0 | ||
| 040 | _cNUST | ||
| 942 |
_cBOOKS _kREF KF319 _mLEE |
||
| 999 |
_c101097 _d101097 |
||